[Event "Agneaux St Lo U16 op 21th"]
[Site "Agneaux"]
[Date "2019.07.07"]
[Round "2.4"]
[White "Navrotescu, Vlad Andrei"]
[Black "Morel, Jules"]
[Result "1-0"]
[WhiteElo "1967"]
[BlackElo "1587"]
[PlyCount "93"]
[EventDate "2019.07.06"]
[EventType "swiss"]
[EventRounds "9"]
[EventCountry "FRA"]
[SourceTitle "EXT 2020"]
[Source "ChessBase"]
[SourceDate "2019.10.17"]
[SourceVersion "1"]
[SourceVersionDate "2019.10.17"]
[SourceQuality "1"]

1. d4 c5 2. d5 e5 3. e4 d6 4. Ne2 g6 5. g3 Bg7 6. Bg2 Ne7 7. 0-0 0-0 8. c4 f5 9. Nbc3 Nd7 10. a3 Nf6 11. b4 b6 12. f3 Nh5 13. Rb1 f4 14. g4 Nf6 15. Bd2 Ba6 16. bxc5 dxc5 17. Nb5 Ne8 18. Bc3 Nd6 19. Qb3 Nec8 20. Qb2 Nxc4 21. Qb3 N8d6 22. a4 Qd7 23. Rf2 Rfb8 24. Nc1 Bc8 25. Bf1 Ne3 26. Nd3 c4 27. Qb4 Nxb5 28. Nxe5 Bxe5 29. Bxe5 Nc7 30. Bxc4 Nxc4 31. Qxc4 Rb7 32. Bxf4 Qf7 33. Bg3 Ne8 34. e5 Rc7 35. Qe4 Qg7 36. e6 Re7 37. Be5 Qh6 38. Bf4 Qg7 39. Be5 Qh6 40. Qb4 Qf8 41. Rd1 Bb7 42. Qb3 Bc8 43. f4 Qh6 44. f5 Qh4 45. h3 Ba6 46. d6 Rb7 47. e7+ 1-0

[Event "Cappelle rapid op 1st"]
[Site "Cappelle la Grande"]
[Date "2019.02.23"]
[Round "3"]
[White "Bailet, Pierre"]
[Black "Navrotescu, Vlad Andrei"]
[Result "1-0"]
[WhiteElo "2477"]
[BlackElo "1756"]
[PlyCount "49"]
[EventDate "2019.02.23"]
[EventType "swiss (rapid)"]
[EventRounds "9"]
[EventCountry "FRA"]
[SourceTitle "CBM 189 Extra"]
[Source "ChessBase"]
[SourceDate "2019.05.31"]
[SourceVersion "1"]
[SourceVersionDate "2019.05.31"]
[SourceQuality "1"]

1. d4 Nf6 2. c4 c5 3. d5 b5 4. cxb5 a6 5. b6 d6 6. Nc3 g6 7. e4 Bg7 8. a4 a5 9. Nf3 0-0 10. Bb5 Nbd7 11. 0-0 Nxb6 12. Re1 Bb7 13. h3 e6 14. dxe6 fxe6 15. e5 Nfd5 16. Ne4 Rxf3 17. Qxf3 Bxe5 18. Nxc5 dxc5 19. Rxe5 Qd6 20. Qg3 Rf8 21. Bh6 Rf7 22. Rae1 Bc8 23. Rxe6 Qxe6 24. Rxe6 Bxe6 25. Qd6 1-0

[Event "FRA-ch op-B"]
[Site "Chartres"]
[Date "2019.??.??"]
[Round "6"]
[White "Navrotescu, Vlad Andrei"]
[Black "Martin, Axel"]
[Result "1-0"]
[WhiteElo "1776"]
[BlackElo "2052"]
[PlyCount "85"]
[EventDate "2019.08.17"]
[EventType "swiss"]
[EventRounds "9"]
[EventCountry "FRA"]
[SourceTitle "EXT 2020"]
[Source "ChessBase"]
[SourceDate "2019.10.17"]
[SourceVersion "1"]
[SourceVersionDate "2019.10.17"]
[SourceQuality "1"]

1. d4 d5 2. Bf4 Nf6 3. e3 c5 4. c3 Nc6 5. Nd2 e6 6. Bd3 Bd6 7. Bg3 e5 8. dxc5 Bxc5 9. Bb5 Qe7 10. Ngf3 Bd6 11. 0-0 0-0 12. c4 a6 13. Ba4 e4 14. cxd5 exf3 15. dxc6 fxg2 16. Kxg2 Bxg3 17. hxg3 Qe6 18. Qf3 Qh3+ 19. Kg1 bxc6 20. Bxc6 Rb8 21. b3 Bf5 22. Qg2 Qh6 23. Nf3 Bh3 24. Qh1 Bxf1 25. Qxh6 gxh6 26. Kxf1 Rfc8 27. Nd4 Rb4 28. Bf3 Rcb8 29. Bc6 Rc8 30. Bf3 Rc5 31. Ke2 Nd5 32. Kd2 Rb8 33. Rh1 Rbc8 34. Rxh6 Nb4 35. Be4 Rd8 36. a3 Na2 37. Rxa6 Nc3 38. Bd3 Nb5 39. Nxb5 Rxb5 40. Kc3 Rbd5 41. Bc4 Rd2 42. Rf6 R8d7 43. Rxf7 1-0

[Event "Anogia op 6th"]
[Site "Anogia"]
[Date "2017.07.12"]
[Round "4"]
[White "Navrotescu, Vlad Andrei"]
[Black "Papadopoulos, Argirios"]
[Result "0-1"]
[WhiteElo "1580"]
[BlackElo "2176"]
[PlyCount "48"]
[EventDate "2017.07.10"]
[EventType "swiss"]
[EventRounds "9"]
[EventCountry "GRE"]
[SourceTitle "CBM 179 Extra"]
[Source "ChessBase"]
[SourceDate "2017.08.23"]
[SourceVersion "1"]
[SourceVersionDate "2017.08.23"]
[SourceQuality "1"]

1. d4 Nf6 2. c4 e6 3. Nf3 Bb4+ 4. Bd2 a5 5. g3 d6 6. Bg2 Nbd7 7. 0-0 e5 8. e3 Bxd2 9. Qxd2 0-0 10. Nc3 c6 11. Qd3 Qe7 12. Nd2 Rd8 13. f4 Nf8 14. d5 exf4 15. dxc6 fxe3 16. Nde4 Nxe4 17. Bxe4 bxc6 18. Qxe3 Qc7 19. Nb5 Qb7 20. Qb3 d5 21. Rad1 Bh3 22. Bxd5 Bxf1 23. Bxf7+ Qxf7 24. Nd6 Qe6 0-1

[Event "Rochefort op-B 16th"]
[Site "Rochefort"]
[Date "2017.02.18"]
[Round "3"]
[White "Navrotescu, Vlad Andrei"]
[Black "Fernandez, Leon"]
[Result "0-1"]
[WhiteElo "1747"]
[BlackElo "1840"]
[PlyCount "46"]
[EventDate "2017.02.18"]
[EventType "swiss"]
[EventRounds "9"]
[EventCountry "FRA"]
[SourceTitle "CBM 177 Extra"]
[Source "ChessBase"]
[SourceDate "2017.04.27"]
[SourceVersion "1"]
[SourceVersionDate "2017.04.27"]
[SourceQuality "1"]

1. d4 Nf6 2. Nf3 g6 3. c4 Bg7 4. Nc3 d5 5. Bg5 Ne4 6. Bh4 Nxc3 7. bxc3 c5 8. e3 Nc6 9. Qb3 dxc4 10. Bxc4 0-0 11. Ng5 Qe8 12. Qa3 h6 13. Nxf7 Rxf7 14. Bxf7+ Qxf7 15. Qxc5 Bd7 16. 0-0 b6 17. Qa3 g5 18. Bg3 Na5 19. Rfd1 Nc4 20. Qa6 Bc6 21. Rd3 Qd5 22. f3 Bb5 23. e4 Qd7 0-1

[Event "Nantes op 14th"]
[Site "Nantes"]
[Date "2015.12.29"]
[Round "4"]
[White "Navrotescu, Vlad Andrei"]
[Black "Le Gallo, Frederic"]
[Result "0-1"]
[WhiteElo "1734"]
[BlackElo "1967"]
[PlyCount "56"]
[EventDate "2015.12.27"]
[EventType "swiss"]
[EventRounds "7"]
[EventCountry "FRA"]
[SourceTitle "CBM 170 Extra"]
[Source "ChessBase"]
[SourceDate "2016.02.25"]
[SourceVersion "1"]
[SourceVersionDate "2016.02.25"]
[SourceQuality "1"]

1. d4 d6 2. c4 Nf6 3. Nf3 g6 4. Nc3 Bg7 5. Bg5 Nbd7 6. e3 0-0 7. Be2 b6 8. 0-0 Bb7 9. Qc2 h6 10. Bf4 Nh5 11. Bg3 Nxg3 12. hxg3 a5 13. a3 c5 14. d5 Nf6 15. Nd2 Bc8 16. e4 Ng4 17. Qd1 h5 18. Bxg4 Bxg4 19. f3 Bc8 20. Qc2 Bd4+ 21. Kh2 e5 22. dxe6 fxe6 23. Nb5 h4 24. Nxd4 hxg3+ 25. Kxg3 cxd4 26. f4 Re8 27. f5 Qg5+ 28. Kh2 exf5 0-1

[Event "Aix les Bains op 1st"]
[Site "Aix les Bains"]
[Date "2014.08.10"]
[Round "1"]
[White "Joie, Sebastien"]
[Black "Navrotescu, Vlad Andrei"]
[Result "1-0"]
[WhiteElo "2366"]
[BlackElo "1671"]
[PlyCount "47"]
[EventDate "2014.08.10"]
[EventType "swiss"]
[EventRounds "7"]
[EventCountry "FRA"]
[SourceTitle "CBM 161 Extra"]
[Source "ChessBase"]
[SourceDate "2014.08.29"]
[SourceVersion "1"]
[SourceVersionDate "2014.08.29"]
[SourceQuality "1"]

1. d4 Nf6 2. Nf3 e6 3. g3 c5 4. Bg2 d5 5. 0-0 Nc6 6. c4 Be7 7. cxd5 Nxd5 8. dxc5 Bxc5 9. a3 0-0 10. Qc2 Qb6 11. e4 Nf6 12. b4 Bd4 13. Nxd4 Nxd4 14. Qb2 e5 15. Nc3 Be6 16. Be3 Ng4 17. Nd5 Bxd5 18. Bxd4 exd4 19. exd5 Rac8 20. Rad1 Rc3 21. Qd2 Rc4 22. Qe2 d3 23. Rxd3 Rfc8 24. d6 1-0

[Event "FRA-chT U20"]
[Site "Lille"]
[Date "2013.12.08"]
[Round "2.6"]
[White "Navrotescu, Vlad Andrei"]
[Black "Harutyunyan, Ruben"]
[Result "0-1"]
[WhiteElo "1467"]
[BlackElo "1550"]
[PlyCount "32"]
[EventDate "2013.12.07"]
[EventType "team-match"]
[EventRounds "5"]
[EventCountry "FRA"]
[SourceTitle "EXT 2015"]
[Source "ChessBase"]
[SourceDate "2014.11.20"]
[SourceVersion "1"]
[SourceVersionDate "2014.11.20"]
[SourceQuality "1"]

1. c4 c6 2. g3 g6 3. Bg2 Bg7 4. Nf3 Nf6 5. Nc3 0-0 6. 0-0 Re8 7. d3 e5 8. e4 d5 9. Bg5 d4 10. Nb1 Na6 11. Na3 Qb6 12. Rb1 Nb4 13. Qb3 Nd7 14. Nc2 a5 15. a3 Nc5 16. axb4 Nxb3 0-1

[Event "FRA-chT U20 1112"]
[Site "France"]
[Date "2012.01.23"]
[Round "3.20"]
[White "Dodart, Marion"]
[Black "Navrotescu, Vlad Andrei"]
[Result "1-0"]
[WhiteElo "1410"]
[BlackElo "1296"]
[PlyCount "71"]
[EventDate "2011.12.03"]
[EventType "team-swiss"]
[EventRounds "7"]
[EventCountry "FRA"]
[SourceTitle "EXT 2013"]
[Source "ChessBase"]
[SourceDate "2012.11.22"]
[SourceVersion "1"]
[SourceVersionDate "2012.11.22"]
[SourceQuality "1"]

1. d4 d5 2. c4 c6 3. Nc3 Nf6 4. Bg5 dxc4 5. e4 b5 6. a4 b4 7. Nce2 Nxe4 8. Bh4 c3 9. bxc3 bxc3 10. Qc2 Bf5 11. Nxc3 Qxd4 12. Rc1 Ng3 13. Qb3 Nxh1 14. Qb7 Qxh4 15. g3 Qd4 16. Qxa8 Qxf2+ 17. Kd1 Qxf1+ 18. Kd2 Qf2+ 19. Nge2 Qb6 20. a5 Qb2+ 21. Ke1 e6 22. Na4 Bb4+ 23. Nac3 0-0 24. Kf1 Bxc3 25. Rxc3 Nd7 26. Qxc6 Qb1+ 27. Rc1 Ne5 28. Qxh1 Bd3 29. Rxb1 Bxb1 30. Qb7 Bf5 31. Qxa7 Bd3 32. Qd4 f6 33. Kf2 Ra8 34. Nf4 Rxa5 35. Qd8+ Kf7 36. Qxa5 1-0